Investigaciones sobre economía de la delincuencia en Argentina /

Guardado en:
Autores Principales: Cerro, Ana María., Meloni, Osvaldo. (Compilador), Freira, Lucía. (Autor), Iajya, Víctor. (Autor), Michel Rivero, Andrés. (Autor), Ortega Masagué, Ana Carolina. (Autor), Rodríguez Andrés, Antonio. (Autor)
Formato: Libro
Idioma:Spanish
Publicado: Buenos Aires : Editorial Dunken, 2014.
Materias:
Etiquetas: Agregar Etiqueta
Sin Etiquetas, Sea el primero en etiquetar este registro!
LEADER 02375cam a2200373 i 4500
001 EEO.eeo003643
008 141112s2014####ag#a#####b####000#0#spa#d
005 20210616162023.0
245 0 0 |a Investigaciones sobre economía de la delincuencia en Argentina /  |c Ana María Cerro, Osvaldo Meloni (compiladores) ; autores, Ana María Cerro, Osvaldo Meloni, Lucía Freira, Víctor Daniel Iajya, Andrés Michel Rivero, Ana Carolina Ortega Masagué, Antonio Rodríguez Andrés. 
264 1 |a Buenos Aires :  |b Editorial Dunken,  |c 2014. 
300 |a 302 p. :  |b il. ;  |c 23 cm. 
336 |a text  |2 rdacontent 
337 |a unmediated  |2 rdamedia 
338 |a volume  |2 rdacarrier 
504 |a Incluye referencias bibliográficas al final de cada capítulo. 
505 0 |a Parte A: El delito en las provincias argentinas. Cap. 1 Características del delito en las provincias argentinas / Cerro, Ana María ; Rodríguez Andrés, Antonio -- Cap. 2 Fuentes de la persistencia regional del delito / Cerro, Ana María ; Ortega Masagué, Ana Carolina -- Cap. 3 ¿La ayuda social disminuye los delitos? / Freira, Lucía -- Cap. 4 El impacto del Plan Jefes y Jefas de Hogar Desocupados sobre el delito / Meloni, Osvaldo -- Parte B: El delito de los ciclos políticos y económicos. Cap. 5 Delito y ciclos económicos / Cerro, Ana María ; Michel Rivero, Andrés -- Cap. 6 Efectos del delito en el mercado laboral / Cerro, Ana María ; Rodríguez Andrés, Antonio -- Cap. 7 Delito y elecciones / Meloni, Osvaldo -- Parte C: El delito en Argentina: mediciones y sensaciones. Cap. 8 La delincuencia en Argentina : estadísticas oficiales y sensaciones. Reflexiones a partir de una encuesta propia / Iajya, Víctor. 
020 |a 9789870275084 
100 1 |a Cerro, Ana María. 
700 1 |a Meloni, Osvaldo.  |4 aut  |4 com 
700 1 |a Freira, Lucía.  |4 aut 
700 1 |a Iajya, Víctor.  |4 aut 
700 1 |a Michel Rivero, Andrés.  |4 aut 
700 1 |a Ortega Masagué, Ana Carolina.  |4 aut 
700 1 |a Rodríguez Andrés, Antonio.  |4 aut 
043 |a s-ag--- 
082 0 4 |a 364.25  |2 21 
650 7 |a Delitos.  |2 isoc 
650 7 |a Delincuencia.  |2 isoc 
650 7 |a Condiciones económicas.  |2 isoc 
650 7 |a Estadísticas.  |2 isoc 
651 7 |a Argentina.  |2 mpirdes 
010 |a  2014512536 
040 |a AR-BaFGC  |b eng  |c AR-BaFGC  |e rda  |d DLC 
859 |a AR-BaUEB  |b BIB. ECONOMIA - General  |h 364.25  |i C336  |p e15343